ERP demystified / (Record no. 140)

MARC details
000 -LEADER
fixed length control field 00608cam a22002052 4500
001 - CONTROL NUMBER
control field 0000000280
005 - DATE AND TIME OF LATEST TRANSACTION
control field 20151021151044.0
008 - FIXED-LENGTH DATA ELEMENTS--GENERAL INFORMATION
fixed length control field 070119s xx 000 0 eng d
020 ## - INTERNATIONAL STANDARD BOOK NUMBER
International Standard Book Number 0074637134 :
Terms of availability KES 2,800
040 ## - CATALOGING SOURCE
Original cataloging agency KABU
Transcribing agency KABU
050 #0 - LIBRARY OF CONGRESS CALL NUMBER
Classification number QA76.76
Item number .C69L49
100 1# - MAIN ENTRY--PERSONAL NAME
Personal name Leon, Alexis.
-- 0000148382
245 10 - TITLE STATEMENT
Title ERP demystified /
Statement of responsibility, etc. Alexis Leon.
260 ## - PUBLICATION, DISTRIBUTION, ETC. (IMPRINT)
Place of publication, distribution, etc. New Delhi :
Name of publisher, distributor, etc. Tata McGraw-Hill,
Date of publication, distribution, etc. 2000.
300 ## - PHYSICAL DESCRIPTION
Extent xiii, 485 p.
650 #0 - SUBJECT ADDED ENTRY--TOPICAL TERM
Topical term or geographic name as entry element Software configuration management.
-- 0000148383
908 ## - PUT COMMAND PARAMETER (RLIN)
Put command parameter 070119
950 ## - LOCAL HOLDINGS (RLIN)
-- 1
Holdings
Withdrawn status Lost status Source of classification or shelving scheme Not for loan Home library Current library Date acquired Total Checkouts Full call number Barcode Date last seen Price effective from Koha item type
    Library of Congress Classification   Kabarak, Nakuru City Campus Kabarak, Nakuru City Campus 21/10/2015   QA76.76 .C69L49 005596 21/10/2015 21/10/2015 General Collection
Designed with assistance from East African Informatics Ltd